000 00635nam a22002297a 4500
003 UA-OsUOA
001 86572
007 ta
008 20120906b un ||||| |||| 00| 0 ukr d
100 _aДержалюк М. С.
090 _a94(460)
_bД36
942 _cBK
040 _aUA-OsUOA
_bukr
_cUA-OsUOA
_dUA-OsUOA
245 _aУгорські демократи проти тоталітаризму 20 - 30 рр.
300 _a224 с.
955 _a1
041 _aukr
080 _a94(460)
260 _aК.
_bЛибідь
_c1993
650 7 _a9 Географія. Біографії. Історія
_2UDC
999 _c372679
_d372679